Quizzes
Events
Quiz Creation
Community
Videos
Private Events
Remove Ads
Sign In
Join for FREE
Feedback
Dark Mode
Quiz Categories
Sports
Geography
Music
Movies
Television
Just For Fun
Miscellaneous
History
Literature
Language
Science
Gaming
Entertainment
Religion
Holiday
For Kids
Quiz Lab
Recent
Popular Today
Quiz Kudos Today
Editor Picks
Curator Picks
Quizzes by...
Day
Popularity
Type
Ratings
Length
Year
Community
Subscriptions
Recent Discussions
Orange Saloon
Badges
Playlists
Quests
Create
Leaderboards
Showdown
Live 5
Trivia Bingo
Activity
Puzzle Library
Sporcle Events
Private Events
Virtual Trivia
Globe League
Become a Host
Pub Owners
SporcleCon
Opinionation
Our Games
Videos
Blog
Mobile Apps
Partnerships
Remove Ads and Go Orange
Feedback
Television
TV Characters
TV Show
Sitcom
Network
Friends
Reality Shows
Cast
South Park
Star Trek
The Simpsons
Doctor Who
Television
TV Characters
TV Show
Sitcom
Network
Friends
Reality Shows
Cast
South Park
Star Trek
The Simpsons
Doctor Who
Random Quiz
Search Sporcle
×
Quiz Lab
Quiz Lab
Television
Friends
Type in answers that appear in a list
Type in answers that appear in a list
Classic
Best Score? Go Orange.
Friends (A-Z) III Stats
Can you name the Friends (A-Z) III (harder)
By
imbetterthanyou
10m
26 Questions
360 Plays
360 Plays
360 Plays
Comments
Comments
Give Quiz Kudos
Give Quiz Kudos
-
- Ratings
hide this ad
Replay
Link that replays current quiz
Next Quiz
Link to next quiz in quiz playlist
You Got
0%
They Got
Avg Score
54%
Avg Friend Score
Upgrade to see
Score Distribution
Jump to the score distribution portion of the page
Score
0/26
Timer
10:00
0
Plays Today
Question
Answer
% Correct
Name of Rachel's ex fiancé.
Barry
98.3%
'Oh MY GOD'
janice
83.1%
Name of ross and monica's dead grandmother.
Althea
82.5%
*again* sushi that ross uses as self defense
Unagi
73.9%
Chandler ISN'T allergic to...?
dogs
73.6%
Chandler's mother's first name.
Nora
72.2%
Mr._
_
_
_
_
_
_
: Rachel's boss at Ralph Lauren
Zelner
70.3%
Chandler and Joey got this for free.
Porn
68.3%
the name that rachel's sister amy keeps calling emma.
ella
60.3%
Janitor in the Friends' building.
Treeger
59.7%
Chandler is a 'strong confident woman'. what's he doing?
Quit smoking
58.9%
Last name of Carol's lesbian life partner.
Willick
53.3%
The name of the new goldfish that Eddie buys.
Chandler
52.8%
Question
Answer
% Correct
Ross and Monica's cousin who didn't invite Monica to her wedding.
Frannie
51.9%
Bumped off of Ross' celebrity sex list
Isabella rossellini
48.9%
Ross's 'sound'
keyboard
45.8%
High school that Monica, Rachel, and Ross attended.
Lincoln High
45.8%
Boyfriend that Ross made up for Phoebe.
Vikram
45.8%
Y is for Young. the name of the high schooler that Monica dated.
Ethan
44.2%
Phoebe's navy boyfriend.
Ryan
43.9%
Sushi that Ross uses as self defense.
Salmon skin roll
40.3%
Charlie's ex boyfriend Benjamin Hobart was played by actor....?
Greg Kinnear
36.4%
X is for Ex. Phoebe's ex singing partner's first name that left her to sing jingles.
Leslie
35%
Ross' date's last name that Chandler can't make fun of.
Hornswoggle
31.9%
Wedding gift from Phoebe to Monica and Chandler
Miss Pac Man
28.9%
Phoebe's mom's favorite fish
orange ruffy
10.8%
Quiz Playlist
Details
Report
Send in Message
Add To Playlist
Classic:
Type in answers that appear in a list
Quiz Source
Last Updated: Feb 16, 2017
Quiz Scoreboard
CHALLENGE
Sign Up to Join the Scoreboard
Show All
Scores
Hide
Comments
May contain spoilers
Recently Published
9x9 Crossword: Cartoon Network
by jackfrog10
Miscellaneous
3m
College Basketball Coaching Resumes
by pancakes188
Sports
9m
Billboard Blitz: Fleetwood Mac
by CooCooCachoo
Music
15s
More to Explore
Quiz From the Vault
Featured Blog Post
Where Did the Easter Bunny Come From?
hide this ad
You Might Also Like...
Tags
Friends Quiz
Letter Quiz
A-Z
Today's Top Quizzes in Television
Browse Television
hide this ad
Today's Top Quizzes in Friends
Browse Friends
Top Contributed Quizzes in Television
1
5-to-1: The Simpsons Families
2
5-to-1: Television Doctors
3
7-to-1: TV Show Settings
4
Adjectives in 00s TV Shows
5
Adjectives in 80s TV Shows
6
5-to-1: Streaming Originals
7
Adjectives in 10s TV Shows
8
Survivor Seasons
9
One Piece Logic Puzzle
10
All US Survivor Seasons in Order
Explore More
Trending Topics
Anime
Marvel
Disney
Crossword
Harry Potter
Kpop
NBA
Soccer
NFL
WWE
Song
The Office
Country
Pokémon
Puzzle
hide this ad
More By:
imbetterthanyou
Quiz
Plays
Rating
Category
Featured
Created
Friends (A-Z) III
360
2.50
Television
Nov 19, 2013
Go to Creator's Profile
Score Distribution
Quiz Creator Spotlight
imbetterthanyou
Follow
Send a Message
Quizzes Created
-
Created Quiz Play Count
-
More By This Creator
Popular Quizzes Today
1
Find the US States - No Outlines Minefield
2
Find the Countries of Europe - No Outlines Minefield
3
The Countries of the World
4
Find the US States
5
Risky Map Clicking: Biggest States A-Z
6
US States
7
Popular People in 1961
8
Movies - When Are They Set?
More Television Quizzes
'The 100' CW - Spot the difference
Quiz Lab
Trending Quizzes
Risky Map Clicking: Least Populous States A-Z
1-10 Letter G Words
1-10 Letter F Words
Risky Map Clicking: Next State Alphabetically
Adjectives in 80s TV Shows
Recently Updated
Leaping Animals
pecheneg
Reality TV Shows (A-Z)
bhenderson79
Rickey Henderson's Hall of Fame Teammates
pecheneg
Champions League XIs: Arsenal
pecheneg
Quick Pick: Celebrities in WWE's Hall of Fame
aduchscher
A-Z Keypad Blitz II
pecheneg
Multiple Oscar Actors
pecheneg
Mystery Phrase Blitz: Oscar 'Best Actors'
pecheneg
F. Scott Fitzgerald Novels
LTH
Pick 3 Villains
ddd62291
Trending Topics
Harry Potter
Marvel
Disney
Anime
Crossword
Kpop
NBA
The Office
NFL
Song
Pokémon
Soccer
Country
WWE
Puzzle
Your Account Isn't Verified!
In order to create a playlist on Sporcle, you need to verify the email address you used during registration. Go to your
Sporcle Settings
to finish the process.
Report this User
Report this user for behavior that violates our
Community Guidelines
.
Details:
Send Report
Go to the Sporcle.com Mobile Site →
Comments